| 000 | 00327pam a2200133 a 4500 | ||
|---|---|---|---|
| 020 | _c | ||
| 041 | _h | ||
| 082 | _a- | ||
| 100 |
_aGORGANI (K) _eauthor |
||
| 245 |
_aOfficial Advanced Power Builder 6 : The Definitive Guide _hTextual Document |
||
| 260 |
_bMoscow Progress Pub. B _c1998 |
||
| 300 | _aXXIV,612 | ||
| 930 | _a7553 | ||
| 999 |
_c836958 _d836958 |
||